00910cam a22002531 4500001001300000003000400013005001700017008004100034010001700075035001900092040002700111042001200138050001800150082001500168110003200183245011800215260001900333300002200352500011800374650003400492650004900526710006400575999001700639l 48000142 DLC20260227111541.0760820s1947 sz i000 0 eng  al 48000142  a(OCoLC)2385403 aDLCcNSbSUdNSbSUdDLC apremarc00aHD9710.A2bI5 a338.4762922 aInternational Labour Office10aRegularisation of production and employment at a high level:bthe automobile industry. Second item on the agenda. aGeneva,c1947. aiv, 74 p.c24 cm. aAt head of title: Report 2. International Labour Organisation. Metal Trades Committee. 2d sess., Stockholm, 1947. 0aAutomobile industry and trade 0aAutomobile industry and tradezUnited States2 aInternational Labour Organisation.bMetal Trades Committee. c36629d36629